| 000 | 01388nam a2200325 a 4500 | ||
|---|---|---|---|
| 001 | ebr10714634 | ||
| 003 | CaPaEBR | ||
| 006 | m o u | ||
| 007 | cr cn||||||||| | ||
| 008 | 130606s2013 enka s 000 0 eng d | ||
| 020 | _z9781782165903 | ||
| 020 | _z9781782165910 (e-book) | ||
| 040 |
_aCaPaEBR _cCaPaEBR |
||
| 035 | _a(OCoLC)849917275 | ||
| 050 | 1 | 4 |
_aQA76.76.H94 _bW47 2013eb |
| 100 | 1 | _aWerdmuller, Ben. | |
| 245 | 1 | 0 |
_aInstant HTML5 Geolocation how-to _h[electronic resource] : _blearn how to create elegant, location-aware web applcations using the JavaScript Geolocation API / _cBen Werdmuller. |
| 260 |
_aBirmingham : _bPackt Pub., _c2013. |
||
| 300 |
_a48 p. : _bill. (chiefly col.) |
||
| 500 | _a"Instant: short, fast, focused"--Cover. | ||
| 533 |
_aElectronic reproduction. _bPalo Alto, Calif. : _cebrary, _d2013. _nAvailable via World Wide Web. _nAccess may be limited to ebrary affiliated libraries. |
||
| 650 | 0 | _aHTML (Document markup language) | |
| 650 | 0 | _aMobile geographic information systems. | |
| 650 | 0 | _aApplication program interfaces (Computer software) | |
| 650 | 0 |
_aApplication software _xDevelopment. |
|
| 650 | 0 | _aInternet programming. | |
| 655 | 7 |
_aElectronic books. _2local |
|
| 710 | 2 | _aebrary, Inc. | |
| 856 | 4 | 0 |
_uhttp://site.ebrary.com/lib/rucke/Doc?id=10714634 _zAn electronic book accessible through the World Wide Web; click to view |
| 999 |
_c1097 _d1097 |
||